Vogellaute - Statistiken

Allgemein
  • Dieses Quiz wurde 63 mal gespielt
  • Das Durchschnittsergebnis liegt bei 7 aus 13
Antwortstatistiken
Frage Antwort % Korrekt
Wie macht die Schneeeule? Wou-wou-wou
82%
Wie macht die Stockente? Ahk-ahk-ahz
64%
Wie macht der Bartkauz? Ho-ho-ho
64%
Wie macht der Schreiadler? Jüb-jüb-jübjübjib
64%
Wie macht die Singdrossel? Judiet-judiet-judiet
64%
Wie macht der Zilpzalp? Zilp-zalp-zelp-zilp-zalp
64%
Wie macht der Rotkopfwürger? Dschä-dschä
55%
Wie macht der Wanderfalke? Gäääiih
55%
Wie macht das Bläßhuhn? Pix-dp-psii-köw
55%
Wie macht die Eisente? Aulick-a-a-aulick
45%
Wie macht die Sumpfmeise? Ti-wüd-ti-wüd
45%
Wie macht der Waldkauz? Guuoh-gu-gurruuh
36%
Wie macht der Kranich? Kruh-krüi-kruh
36%
Keine übereinstimmenden Quizze gefunden
Verteilung der Resultate
Anzahl Personen mit jedem Resultat
Perzentil nach korrekt beantworteten Fragen
Ihre Resultats-Entwicklung
Sie haben dieses Quiz noch nicht gespielt